Statystyki dla Co ma więcej wyświetleń-Kolega Ignacy

Kliknij tutaj aby rozwiązać quiz!

Ogólne statystyki

  • Ten quiz został rozwiązany 601 razy
  • Średni wynik to 4 z 10

Statystyki odpowiedzi

ZagadnienieOdpowiedź% Poprawnych
Co ma więcej wyświetleń?Weekend - Ona Tańczy Dla Mnie - Official Video (2012)
65%
Co ma więcej wyświetleń?"Orki z Majorki" (Official Video Clip)
56%
Co ma więcej wyświetleń?"Znowu Mam Bana" - A Minecraft Parody (Carly Rae Jepsen - Call Me Maybe)
55%
Co ma więcej wyświetleń?Spróbowaliśmy WSZYSTKIEGO z McDonald's
52%
Co ma więcej wyświetleń?Letni, Chamski Podryw- "POMIDOROWA"(Sarsa "Naucz mnie" PARODIA)
47%
Co ma więcej wyświetleń?kruci gang
45%
Co ma więcej wyświetleń?BLOK EKIPA, ODCINEK 1
39%
Co ma więcej wyświetleń?Chryzantemy Złociste
32%
Co ma więcej wyświetleń?KlejNuty-Bende go zjad-(prod.CeZik)
23%
Co ma więcej wyświetleń?TOP GIRLS - MLECZKO (Official video) NOWOŚĆ 2017!!!
13%

Rozkład punktacji

Percentyl według liczby udzielonych odpowiedzi

Procent ludzi z każdym wynikiem

Twoja historia wyników

Nie rozwiązałeś tego quizu